| 000 | 01393nam0a2200313 4500 | ||
|---|---|---|---|
| 001 | RU\NLR\bibl\177456 | ||
| 005 | 20260409063426.0 | ||
| 010 |
_a5-8212-0172-1 _910000 |
||
| 021 |
_aRU _b2001-21878 _91041 |
||
| 035 | _a(NLR Aleph) 000174157 | ||
| 090 |
_a1004259 _c1004259 |
||
| 100 | _a20010817d2001 |||y0rusy50 ca | ||
| 101 | 0 | _arus | |
| 102 | _aRU | ||
| 105 | _ay ||||||||| | ||
| 200 | 1 |
_aГражданский процессуальный кодекс РСФСР _e[Офиц. текст] _eДействующая ред. |
|
| 210 |
_aМ. _cЭкзамен _d2001 |
||
| 215 |
_a126,[1] с. _d21 |
||
| 320 | _aБиблиогр. в подстроч. прим. | ||
| 604 |
_171002$aРСФСР _1500##$aГражданский процессуальный кодекс$2nlr_sh2$3RU\NLR\AUTH\661370756 _aРСФСР _tГражданский процессуальный кодекс _92288596 _3RU\NLR\AUTH\661370756 |
||
| 606 | 0 |
_aГражданский процессуальный кодекс _yРСФСР _9890310 _3RU\NLR\AUTH\66321908 |
|
| 686 | 1 | _aХ629.2-324.9(2Р) | |
| 740 | 1 |
_aРоссийская Федерация _tЗаконы _iГражданский процессуальный кодекс _3RU\NLR\AUTH\880379477 _9425338 |
|
| 801 | 0 |
_aRU _bNLR _c20010817 _gPSBO |
|
| 801 | 1 |
_aRU _bNLR _c20010817 |
|
| 942 | _cBOOK | ||
| 980 | _aNB | ||